<?xml version="1.0" encoding="UTF-8"?>
<record
    xmlns:xsi="http://www.w3.org/2001/XMLSchema-instance"
    xsi:schemaLocation="http://www.loc.gov/MARC21/slim http://www.loc.gov/standards/marcxml/schema/MARC21slim.xsd"
    xmlns="http://www.loc.gov/MARC21/slim">

  <leader>01163nam0a22002651  4500</leader>
  <controlfield tag="001">rc\195084</controlfield>
  <controlfield tag="005">20250620225733.0</controlfield>
  <datafield tag="010" ind1=" " ind2=" ">
    <subfield code="a">5-7033-0066-5</subfield>
    <subfield code="9">6000</subfield>
  </datafield>
  <datafield tag="035" ind1=" " ind2=" ">
    <subfield code="a">(NLR Aleph) 005450037</subfield>
  </datafield>
  <datafield tag="090" ind1=" " ind2=" ">
    <subfield code="a">4847603</subfield>
    <subfield code="c">4847603</subfield>
  </datafield>
  <datafield tag="100" ind1=" " ind2=" ">
    <subfield code="a">20030307d1992    |||y0rusy50      ca</subfield>
  </datafield>
  <datafield tag="101" ind1="0" ind2=" ">
    <subfield code="a">rus</subfield>
  </datafield>
  <datafield tag="102" ind1=" " ind2=" ">
    <subfield code="a">RU</subfield>
  </datafield>
  <datafield tag="105" ind1=" " ind2=" ">
    <subfield code="a">y   |||||||||</subfield>
  </datafield>
  <datafield tag="200" ind1="1" ind2=" ">
    <subfield code="a">&#x411;&#x435;&#x440;&#x435;&#x437;&#x43E;&#x432;&#x43E;&#x435; &#x437;&#x435;&#x440;&#x43A;&#x430;&#x43B;&#x43E;</subfield>
    <subfield code="e">&#x421;&#x442;&#x438;&#x445;&#x438;</subfield>
    <subfield code="f">&#x41A;&#x43E;&#x43D;&#x441;&#x442;&#x430;&#x43D;&#x442;&#x438;&#x43D; &#x420;&#x44F;&#x431;&#x435;&#x43D;&#x44C;&#x43A;&#x438;&#x439;</subfield>
  </datafield>
  <datafield tag="210" ind1=" " ind2=" ">
    <subfield code="a">&#x422;&#x432;&#x435;&#x440;&#x44C;</subfield>
    <subfield code="c">&#x41D;&#x418;&#x418; "&#x426;&#x435;&#x43D;&#x442;&#x440;&#x43F;&#x440;&#x43E;&#x433;&#x440;&#x430;&#x43C;&#x43C;&#x441;&#x438;&#x441;&#x442;&#x435;&#x43C;"</subfield>
    <subfield code="d">1992</subfield>
  </datafield>
  <datafield tag="215" ind1=" " ind2=" ">
    <subfield code="a">94, [2] &#x441;.</subfield>
    <subfield code="d">21</subfield>
  </datafield>
  <datafield tag="300" ind1=" " ind2=" ">
    <subfield code="a">&#x418;&#x437;&#x434;. &#x43D;&#x430; &#x441;&#x440;&#x435;&#x434;&#x441;&#x442;&#x432;&#x430; &#x412;&#x44B;&#x448;&#x43D;&#x435;&#x432;&#x43E;&#x43B;&#x43E;&#x446;. &#x442;&#x440;&#x438;&#x43A;&#x43E;&#x442;&#x430;&#x436;. &#x444;-&#x43A;&#x438; "&#x41F;&#x430;&#x440;&#x438;&#x436;. &#x43A;&#x43E;&#x43C;&#x43C;&#x443;&#x43D;&#x430;" &#x438; &#x412;&#x44B;&#x448;&#x43D;&#x435;&#x432;&#x43E;&#x43B;&#x43E;&#x446;. &#x441;&#x442;&#x435;&#x43A;&#x43E;&#x43B;. &#x437;-&#x434;&#x430; &#x438;&#x43C;. 9-&#x433;&#x43E; &#x42F;&#x43D;&#x432;&#x430;&#x440;&#x44F;</subfield>
  </datafield>
  <datafield tag="320" ind1=" " ind2=" ">
    <subfield code="a">&#x421;&#x43E;&#x434;&#x435;&#x440;&#x436;.: &#x426;&#x438;&#x43A;&#x43B;&#x44B;: &#x41D;&#x435;&#x438;&#x437;&#x431;&#x44B;&#x432;&#x43D;&#x43E;&#x435; &#x41E;&#x431;&#x440;&#x430;&#x434;&#x43E;&#x432;&#x43E;; &#x422;&#x440;&#x435;&#x432;&#x43E;&#x436;&#x43D;&#x430;&#x44F; &#x43F;&#x430;&#x43C;&#x44F;&#x442;&#x44C;; &#x417;&#x430;&#x442;&#x44F;&#x436;&#x43D;&#x43E;&#x435; &#x43D;&#x435;&#x43D;&#x430;&#x441;&#x442;&#x44C;&#x435;; &#x421;&#x432;&#x44F;&#x437;&#x443;&#x44E;&#x449;&#x430;&#x44F; &#x43D;&#x438;&#x442;&#x44C;; &#x421;&#x43E;&#x43B;&#x43E;&#x432;&#x44C;&#x438;&#x43D;&#x44B;&#x439; &#x43E;&#x43C;&#x443;&#x442;</subfield>
  </datafield>
  <datafield tag="700" ind1=" " ind2="1">
    <subfield code="a">&#x420;&#x44F;&#x431;&#x435;&#x43D;&#x44C;&#x43A;&#x438;&#x439;</subfield>
    <subfield code="b">&#x41A;.&#x412;.</subfield>
    <subfield code="f">1945-</subfield>
    <subfield code="g">&#x41A;&#x43E;&#x43D;&#x441;&#x442;&#x430;&#x43D;&#x442;&#x438;&#x43D; &#x412;&#x430;&#x43B;&#x435;&#x43D;&#x442;&#x438;&#x43D;&#x43E;&#x432;&#x438;&#x447;</subfield>
  </datafield>
  <datafield tag="801" ind1=" " ind2="0">
    <subfield code="a">RU</subfield>
    <subfield code="b">NLR</subfield>
    <subfield code="g">psbo</subfield>
  </datafield>
  <datafield tag="801" ind1=" " ind2="1">
    <subfield code="a">RU</subfield>
    <subfield code="b">ELAR</subfield>
    <subfield code="2">rusmarc</subfield>
  </datafield>
  <datafield tag="852" ind1=" " ind2=" ">
    <subfield code="a">NLR</subfield>
    <subfield code="j">92-4/1347</subfield>
  </datafield>
  <datafield tag="942" ind1=" " ind2=" ">
    <subfield code="c">BOOK</subfield>
  </datafield>
  <datafield tag="980" ind1=" " ind2=" ">
    <subfield code="a">NB</subfield>
  </datafield>
  <datafield tag="995" ind1=" " ind2=" ">
    <subfield code="5">2013-10-26</subfield>
    <subfield code="b">NLR01</subfield>
    <subfield code="c">NLR01</subfield>
    <subfield code="e">RF91</subfield>
    <subfield code="f">5450037-10</subfield>
    <subfield code="k">92-4/1347</subfield>
    <subfield code="o">0</subfield>
    <subfield code="r">BOOK</subfield>
    <subfield code="s">9241347_</subfield>
  </datafield>
</record>
